مكتبة جامعة عجلون الوطنية

فهرس بحث المكتبة

المعالم الأثرية والسياحية في مصر= Egyptian touristic and archeolgical sites since ancient times until present era (Record no. 6809)

MARC details
000 -LEADER
fixed length control field 00923nam a2200217Ii 4500
003 - CONTROL NUMBER IDENTIFIER
control field JO-AjNU
008 - FIXED-LENGTH DATA ELEMENTS--GENERAL INFORMATION
fixed length control field 230605s9999||||xx |||||||||||||| ||und||
020 ## - INTERNATIONAL STANDARD BOOK NUMBER
International Standard Book Number 977-245-125-5
040 ## - CATALOGING SOURCE
Original cataloging agency JO-AjNU
Language of cataloging ara
Description conventions rda
Transcribing agency JO-AjNU
041 ## - LANGUAGE CODE
Language code of text/sound track or separate title ara
050 14 - LIBRARY OF CONGRESS CALL NUMBER
Classification number DT60.N34 2004
100 3# - MAIN ENTRY--PERSONAL NAME
Personal name تاليف ناجي، أنغام عبد المنعم، م.مشارك ناجي، هدى عبد المنعم,
Relator term author
9 (RLIN) 13234
245 00 - TITLE STATEMENT
Title المعالم الأثرية والسياحية في مصر= Egyptian touristic and archeolgical sites since ancient times until present era
250 ## - EDITION STATEMENT
Edition statement ط1
264 31 - PRODUCTION, PUBLICATION, DISTRIBUTION, MANUFACTURE, AND COPYRIGHT NOTICE
Place of production, publication, distribution, manufacture القاهرة: دار نهضة الشرق، 2004
300 ## - PHYSICAL DESCRIPTION
Extent 484ص باللغة العربية/131ص باللغة الانجليزية
Other physical details صور توضيحية
336 ## - CONTENT TYPE
Content type term text
Content type code txt
Source rdacontent
337 ## - MEDIA TYPE
Media type term unmediated
Media type code n
Source rdamedia
338 ## - CARRIER TYPE
Carrier type term volume
Carrier type code nc
Source rdacarrier
650 #4 - SUBJECT ADDED ENTRY--TOPICAL TERM
Topical term or geographic name entry element مصر- اثار -تاريخ
9 (RLIN) 13235
Holdings
Withdrawn status Lost status Source of classification or shelving scheme Damaged status Not for loan Home library Current library Shelving location Date acquired Total Checkouts Full call number Barcode Date last seen Price effective from Koha item type
    Library of Congress Classification     مكتبة جامعة عجلون الوطنية مكتبة جامعة عجلون الوطنية المجموعات العامة 06/06/2023   DT60.N34 2004 A3241 06/06/2023 06/06/2023 Books